Les gares TGV depuis Paris-Gare de Lyon - Statistiques

Statistiques générales
  • Ce quiz a été pris 248 fois
  • Le résultat moyen est 66 sur 115
Statistiques - réponses
Région Gare % Correct
1 PACA Marseille-Saint-Charles
95%
5 PACA Marseille-Saint-Charles
95%
15 PACA Marseille-Saint-Charles
95%
1 Auvergne-Rhône-Alpes Lyon-Part-Dieu
89%
8 Auvergne-Rhône-Alpes Lyon-Part-Dieu
89%
15 Auvergne-Rhône-Alpes Lyon-Part-Dieu
89%
2 Bourgogne-Franche Comté Dijon-Ville
87%
6 Bourgogne-Franche Comté Dijon-Ville
87%
13 Bourgogne-Franche Comté Dijon-Ville
87%
5 PACA Nice-Ville
86%
1 Auvergne-Rhône-Alpes Lyon-Perrache
84%
1 Auvergne-Rhône-Alpes Valence TGV-Rhône-Alpes Sud
79%
2 Auvergne-Rhône-Alpes Valence TGV-Rhône-Alpes Sud
79%
15 Auvergne-Rhône-Alpes Valence TGV-Rhône-Alpes Sud
79%
1 PACA Avignon TGV
78%
2 PACA Avignon TGV
78%
15 PACA Avignon TGV
78%
1 PACA Aix-en-Provence TGV
76%
15 PACA Aix-en-Provence TGV
76%
8 Auvergne-Rhône-Alpes Grenoble
76%
7 Auvergne-Rhône-Alpes Chambéry-Challes-les-Eaux
76%
2 Auvergne-Rhône-Alpes Lyon-Saint-Exupéry TGV
76%
8 Auvergne-Rhône-Alpes Lyon-Saint-Exupéry TGV
76%
5 PACA Toulon
76%
7 Auvergne-Rhône-Alpes Bourg-en-Bresse
75%
11 Auvergne-Rhône Alpes Bourg-en-Bresse
75%
12 Auvergne-Rhône Alpes Bourg-en-Bresse
75%
13 Auvergne-Rhône Alpes Bourg-en-Bresse
75%
4 Occitanie Perpignan
74%
5 PACA Cannes
74%
7 Auvergne-Rhône-Alpes Annecy
73%
10 Lombardie Milano Porta Garibaldi
73%
6 Grand Est Mulhouse-Ville
72%
14 Grand Est Mulhouse-Ville
72%
4 Catalogne Barcelona Sants
71%
15 Normandie Le Havre
69%
10 Piémont Torino Porta Susa
69%
4 Occitanie Montpellier-Sud-de-France
68%
4 Occitanie Narbonne
68%
15 Normandie Rouen-Rive-Droite
68%
4 Occitanie Montpellier-Saint-Roch
67%
1 Bourgogne-Franche Comté Le Creusot-Montceau-les-Mines-Montchanin TGV
66%
15 Bourgogne-Franche Comté Le Creusot-Montceau-les-Mines-Montchanin TGV
66%
1 Bourgogne-Franche Comté Mâcon-Loché TGV
66%
7 Bourgogne-Franche Comté Mâcon-Loché TGV
66%
4 Occitanie Béziers
65%
8 Auvergne-Rhône-Alpes Saint-Etienne-Châteaucreux
65%
5 PACA Antibes
63%
11 Auvergne-Rhône Alpes Evian-les-Bains
63%
5 PACA Saint-Raphaël-Valescure
63%
5 PACA Menton
61%
4 Occitanie Sète
60%
11 Auvergne-Rhône Alpes Annemasse
59%
6 Bourgogne-Franche Comté Belfort-Montbéliard TGV
59%
14 Bourgogne-Franche Comté Belfort-Montbéliard TGV
59%
4 Occitanie Nîmes-Pont du Gard
59%
11 Auvergne-Rhône Alpes Thonon-les-Bains
59%
4 Occitanie Nîmes-Centre
57%
5 PACA Monaco
57%
5 PACA Hyères
56%
13 Vaud Lausanne
56%
13 Vaud Lausanne
56%
2 Auvergne-Rhône-Alpes Valence-Ville
56%
5 PACA Les Arcs-Draguignan
56%
2 Auvergne-Rhône-Alpes Montélimar
56%
2 PACA Orange
56%
15 Île de France Mantes-la-Jolie
55%
4 Occitanie Agde
54%
7 Auvergne-Rhône-Alpes Aix-les-Bains-le-Revard
54%
9 Auvergne-Rhône-Alpes Aix-les-Bains-le-Revard
54%
10 Auvergne-Rhône-Alpes Aix-les-Bains-le-Revard
54%
6 Bourgogne-Franche Comté Besançon-Viotte
54%
6 Bourgogne-Franche Comté Besançon-Franche Comté TGV
54%
2 Bourgogne-Franche Comté Chalon-sur-Saône
54%
3 PACA Arles
53%
9 Auvergne-Rhône-Alpes Bourg-Saint-Maurice
53%
10 Auvergne-Rhône-Alpes Modane
53%
2 Bourgogne-Franche Comté Beaune
51%
13 Bourgogne-Franche Comté Dole-Ville
51%
2 Bourgogne-Franche Comté Mâcon-Ville
51%
13 Genève Genève-Cornavin
49%
11 Auvergne-Rhône Alpes Bellegarde-sur-Valserine
48%
12 Auvergne-Rhône Alpes Bellegarde-sur-Valserine
48%
13 Auvergne-Rhône Alpes Bellegarde-sur-Valserine
48%
10 Auvergne-Rhône-Alpes Saint-Jean-de-Maurienne-Arvan
47%
9 Auvergne-Rhône-Alpes Albertville
45%
2 Bourgogne-Franche Comté Montbard
44%
6 Bourgogne-Franche Comté Montbard
44%
3 PACA Miramas
43%
2 PACA Avignon-Ville
40%
3 PACA Avignon-Ville
40%
4 PACA Avignon-Ville
40%
4 Madrid Madrid-Puerta-de-Atocha
40%
14 Zürich Zürich HB
36%
9 Auvergne-Rhône-Alpes Aime-la-Plagne
35%
12 Auvergne-Rhône Alpes Saint-Gervais-les-Bains-Le-Fayet
34%
9 Auvergne-Rhône-Alpes Moûtiers-Salins-Brides-les-Bains
34%
4 Aragon Zaragoza-Delicias
34%
4 Catalogne Figueres Vilafant
33%
13 Auvergne-Rhône Alpes Frasne
32%
10 Piémont Oulx-Sestriere
31%
12 Auvergne-Rhône Alpes Cluses
30%
12 Auvergne-Rhône Alpes Sallanches-Combloux-Megève
30%
13 Bourgogne-Franche Comté Mouchard
28%
11 Auvergne-Rhône Alpes Nurieux
27%
12 Auvergne-Rhône Alpes Nurieux
27%
13 Auvergne-Rhône Alpes Nurieux
27%
14 Bâle Bâle SBB
26%
13 Auvergne-Rhône Alpes Vallorbe-Frontière
26%
10 Auvergne-Rhône-Alpes Saint-Michel-Valloire
23%
9 Auvergne-Rhône-Alpes Landry
22%
10 Piémont Bardonecchia
17%
4 Catalogne Port-Bou
11%
10 Lombardie Novara
7%
10 Lombardie Vercelli
6%
Aucun quiz correspondant
Distribution des résultats
% des personnes avec chaque résultat
Percentile par nombre de réponses
Votre historique - résultats
Vous n’avez pas pris ce quiz